Programming with Java: a Primer (Record no. 278823)

MARC details
000 -LEADER
fixed length control field 00456nam a2200181Ia 4500
005 - DATE AND TIME OF LATEST TRANSACTION
control field 20240627143101.0
008 - FIXED-LENGTH DATA ELEMENTS--GENERAL INFORMATION
fixed length control field 240126s9999 xx 000 0 und d
020 ## - INTERNATIONAL STANDARD BOOK NUMBER
International Standard Book Number 9789351343202
082 ## - DEWEY DECIMAL CLASSIFICATION NUMBER
Classification number 001.6424JAV BAL;2 R1
100 ## - MAIN ENTRY--PERSONAL NAME
Personal name Balagurusamy, E.
245 #0 - TITLE STATEMENT
Title Programming with Java: a Primer
250 ## - EDITION STATEMENT
Edition statement 5th ed.
260 ## - PUBLICATION, DISTRIBUTION, ETC. (IMPRINT)
Name of publisher, distributor, etc. TMH
Place of publication, distribution, etc. New Delhi
Date of publication, distribution, etc. 2015
300 ## - PHYSICAL DESCRIPTION
Extent xv, 460
440 ## - SERIES STATEMENT/ADDED ENTRY--TITLE
Title NULL
650 ## - SUBJECT ADDED ENTRY--TOPICAL TERM
Topical term or geographic name as entry element Programming,Java:,Primer
942 ## - ADDED ENTRY ELEMENTS (KOHA)
Koha item type PESU Books
Holdings
Date last seen Total Checkouts Full call number Accession number Old discount Volume/Issue Number Cost, replacement price Price effective from Category Lost status Damaged status Department Withdrawn status bill no. Permanent Location Current Location Shelving location Entry date Vendor Cost, normal purchase price Grants Currency symbol Conversion rate Discount Discount type Total Renewals Date checked out Checked out
26/01/2024   001.6424JAV BAL;2 R1 PU5332 25 (07/07/1905) 337.50 26/01/2024 PESU Books     Central Library   BANG/2016/CRB/395 Central Library Central Library Central Library 23/08/2016 Intact Book House Pvt Ltd 450.00 BCA RS 1 112.5 Rupees      
21/03/2025 1 001.6424JAV BAL;3 PU5333 25 (07/07/1905) 337.50 26/01/2024 PESU Books     Central Library   BANG/2016/CRB/395 Central Library Central Library Central Library 23/08/2016 Intact Book House Pvt Ltd 450.00 BCA RS 1 112.5 Rupees 3 20/01/2025  
26/01/2024   001.6424JAV BAL;4 PU5334 25 (07/07/1905) 337.50 26/01/2024 PESU Books     Central Library   BANG/2016/CRB/395 Central Library Central Library Central Library 23/08/2016 Intact Book House Pvt Ltd 450.00 BCA RS 1 112.5 Rupees      
26/01/2024   001.6424JAV BAL;5 PU5335 25 (07/07/1905) 337.50 26/01/2024 PESU Books     Central Library   BANG/2016/CRB/395 Central Library Central Library Central Library 23/08/2016 Intact Book House Pvt Ltd 450.00 BCA RS 1 112.5 Rupees      
26/01/2024   001.6424JAV BAL;6 PU5336 25 (07/07/1905) 337.50 26/01/2024 PESU Books     Central Library   BANG/2016/CRB/395 Central Library Central Library Central Library 23/08/2016 Intact Book House Pvt Ltd 450.00 BCA RS 1 112.5 Rupees      
02/12/2025 1 001.6424JAV BAL;7 PU5337 25 (07/07/1905) 337.50 26/01/2024 PESU Books     Central Library   BANG/2016/CRB/395 Central Library Lending Library Central Library 23/08/2016 Intact Book House Pvt Ltd 450.00 BCA RS 1 112.5 Rupees 1 02/12/2025 17/02/2026

© For any Suggestions or Query, please contact the library staff @ librarian@pes.edu or Phone: +9180 2672 1983/ 2108.